| 000 | 00500nam a2200229Ia 4500 | ||
|---|---|---|---|
| 003 | IT-RoPAU | ||
| 008 | 120407s9999 xx 000 0 und d | ||
| 040 | _aIT-RoPAU | ||
| 040 | _cIT-RoPAU | ||
| 041 | _aita | ||
| 100 | _aEmmanuel Anati | ||
| 245 | _aI camuni. Alle radici della civiltà europea. | ||
| 250 | _aMilano | ||
| 260 | _aJaca Book | ||
| 260 | _c1980 | ||
| 300 | _a200 p. | ||
| 300 | _c23 cm | ||
| 490 | _aGià e non ancora,,55 | ||
| 490 | _v1 | ||
| 942 | _cBK | ||
| 999 |
_c28329 _d28329 |
||